MIKROGEOGRAFIA - SÚČASŤ EDUKAČNÉHO PROCESU ŠTUDENTOV GEOGRAFIE UKF V NITRE

Bibliographic Details
Main Author: Hasprová, Magdaléna (Author)
Format: Article
Language:Slovak
ISBN:809677462X

MARC

LEADER 00000naa a2200000uu 4500
001 vtls010933472
003 SK-MaSNL
005 20260302122607.0
008 210824|1999 xo |||||||||||||||||slo|
015 |a SNBRA 
035 |a (urnnbn)urn:nbn:sk:snk:ar-a0b5s3 
035 |a (uuid)7514318e-debd-4c76-8f00-3df9c129d172 
035 |a urn:nbn:sk:snk-aaty78 
040 |a SNKBUCL  |b slo  |c SNKBUCL  |e AACR2 
041 0 |a slo 
044 |a xo  |c SK 
100 1 |a Hasprová, Magdaléna  |4 aut  |9 23933 
245 1 0 |a MIKROGEOGRAFIA - SÚČASŤ EDUKAČNÉHO PROCESU ŠTUDENTOV GEOGRAFIE UKF V NITRE  |c M. Hasprová 
773 0 |t Škola a učiteľ v treťom tisícročí  |d Nitra : SlovDidac, 1999  |g S. 384-387  |z 809677462X 
958 |a OND 
958 |a article11 
958 |a chapter 
999 |c 1278713  |d 1280643